Nástroje a metódy marketingového manažmentu v stratégiách rozvoja vysokých škôl dizertačná práca

Enregistré dans:
Détails bibliographiques
Auteur principal: Bikárová, Eva
Collectivité auteur: Obchodná fakulta EU. Katedra marketingu
Autres auteurs: Lesáková, Dagmar, 1949-
Format: Livre
Langue:slovaque
Publié: Bratislava 2018
Sujets:
Tags: Ajouter un tag
Pas de tags, Soyez le premier à ajouter un tag!

MARC

LEADER 00000nbm a2200000 4500
001 0246245
005 20230308075359.4
041 0 |a slo 
044 |a SK 
245 1 0 |a Nástroje a metódy marketingového manažmentu v stratégiách rozvoja vysokých škôl  |b dizertačná práca  |c Eva Bikárová ; školiteľ: Dagmar Lesáková 
264 1 |a Bratislava  |c 2018 
300 |a 174 s. 
610 2 0 |a školy vysoké 
610 2 0 |a riadenie 
610 2 0 |a marketing 
610 2 0 |a metódy riadenia 
610 2 0 |a nástroje riadenia 
610 2 0 |a komunikácia marketingová 
100 1 |a Bikárová, Eva 
700 1 |a Lesáková, Dagmar, 1949- 
710 2 |a Obchodná fakulta EU. Katedra marketingu